000 00480nam a2200193Ia 4500
005 20240823062208.0
008 240823s9999||||xx |||||||||||||| ||und||
041 _aENGLISH
082 _A004.6 Q9
100 _aNirmala Priya G
245 0 _aComputer Networks
250 _a1st
260 _c2019
_bSIA Publishers & Distributors Pvt.
500 _aTRANSFERED
650 _aComputer Networks
_bComputer Applications
700 _a Sheela S
942 _cBK
999 _c235309
_d235309